000 00531nam a22001937a 4500
003 SISC
005 20160321140005.0
008 130902t xxu||||| |||| 00| 0 eng d
050 _aM 1145
_b.B118 1995
082 _aHS 785
_bB118 1995
100 _aJ.S. Bach
_916074
245 _aConcerto for double string orchestra /
_cJ.S. Bach
260 _aChurcham, Gloucester
_bMusicLand
_cc1995.
300 _bill. ;
_c30 cm.
650 _aOrchestra Music
_916575
650 _aString Music
_916576
942 _2lcc
_cBK
999 _c10136
_d10136